| 000 | 01101aam a2200253 a 4500 | ||
|---|---|---|---|
| 008 | |||
| 020 | _a0852987595 (pbk.) | ||
| 049 | _aMAIN | ||
| 090 | 0 | _aTJ751 COM | |
| 111 |
_aInternal combustion engine research _d(1991 January 30-31 : _cLondon, Britain) |
||
| 245 | 0 | 0 |
_aInternal combustion engine research : _b30-31 January 1991, in universities, Polytechnics and Colleges / _csponsored by Combustion Engines Group of the Institution of Mechanical Engineers. |
| 260 |
_aCambridge : _bPublished for IMechE by Mechanical Engineering Publications, _c1991. |
||
| 300 |
_a190 p. : _bill. ; _c30 cm. |
||
| 440 | _aProceedings of the Institution of Mechanical Engineers. | ||
| 440 |
_aIMechE ; _v1991-1. |
||
| 504 | _aIncludes bibliographical references. | ||
| 650 | 0 |
_aInternal combustion engines _xData processing _xCongresses. |
|
| 710 | 2 |
_aInstitution of Mechanical Engineers (Great Britain). _bCombustion Engines Group. |
|
| 907 |
_a.b10229607 _b08-02-07 _c08-02-07 |
||
| 003 | |||
| 005 | 20230123134350.0 | ||
| 040 | _cNUST | ||
| 942 |
_cBOOKS _kTJ751 COM |
||
| 999 |
_c164632 _d164632 |
||